000 00828nas a2200253 i 4500
001 189801
003 ES-MaACL
005 20250413190151.0
008 191127d19661969sp a| | ||pa d
245 0 0 _aEstadística de transporte.
_nVolumen 2,
_pTransporte marítimo.
260 _a[Madrid] :
_bInstituto Nacional de Estadística,
_cD.L. 1966-1969.
300 _a3 v. ;
_c27 cm.
310 _aAnual
362 0 _a1964-1969.
500 _aEn 1966 se publica un acumulativo de los años 1865-1965.
650 4 _aTransportes marítimos-
_zEspaña-
_vEstadísticas.
_9161537
655 7 _2tgfbne
_9226866
_aRevistas
710 2 _aInstituto Nacional de Estadística (España)
_95162
852 _aES-MaACL
_jP-1089-2
866 0 _o1966, 1968-1969
942 _2udc
_cPERIODICA
999 _c189801
_d189801